<?xml version="1.0" encoding="UTF-8"?>
<record
    xmlns:xsi="http://www.w3.org/2001/XMLSchema-instance"
    xsi:schemaLocation="http://www.loc.gov/MARC21/slim http://www.loc.gov/standards/marcxml/schema/MARC21slim.xsd"
    xmlns="http://www.loc.gov/MARC21/slim">

  <leader>00586ntm a2200217 a 4500</leader>
  <datafield tag="999" ind1=" " ind2=" ">
    <subfield code="c">1012</subfield>
    <subfield code="d">1012</subfield>
  </datafield>
  <controlfield tag="008">191119r20122014ii a|||g |||| 00| 0 eng d</controlfield>
  <datafield tag="020" ind1=" " ind2=" ">
    <subfield code="a">9788184953015</subfield>
    <subfield code="c">Rs. 199.00</subfield>
  </datafield>
  <datafield tag="040" ind1=" " ind2=" ">
    <subfield code="a">KO</subfield>
    <subfield code="b">eng</subfield>
  </datafield>
  <datafield tag="041" ind1="0" ind2=" ">
    <subfield code="a">eng</subfield>
  </datafield>
  <datafield tag="044" ind1=" " ind2=" ">
    <subfield code="a">ii</subfield>
  </datafield>
  <datafield tag="082" ind1="0" ind2="4">
    <subfield code="2">23</subfield>
    <subfield code="a">510</subfield>
    <subfield code="b">B3204</subfield>
  </datafield>
  <datafield tag="100" ind1="1" ind2=" ">
    <subfield code="a">Bathia, Dhaval</subfield>
  </datafield>
  <datafield tag="245" ind1="1" ind2="0">
    <subfield code="a">Vedic Mathematics made easy /</subfield>
  </datafield>
  <datafield tag="260" ind1=" " ind2=" ">
    <subfield code="a">Mumbai :</subfield>
    <subfield code="b">Jaico Publishing House ,</subfield>
    <subfield code="c">2012, reprinted 2014</subfield>
  </datafield>
  <datafield tag="300" ind1=" " ind2=" ">
    <subfield code="a">x, 240 p. ;</subfield>
    <subfield code="c">22 cm +</subfield>
    <subfield code="e">1 CD-ROM</subfield>
  </datafield>
  <datafield tag="650" ind1=" " ind2="0">
    <subfield code="a">Hindu mathematics</subfield>
  </datafield>
  <datafield tag="650" ind1=" " ind2="0">
    <subfield code="a">Mathematics, Ancient</subfield>
  </datafield>
  <datafield tag="852" ind1=" " ind2=" ">
    <subfield code="a">KO</subfield>
  </datafield>
  <datafield tag="904" ind1=" " ind2=" ">
    <subfield code="a">A_BOSE</subfield>
  </datafield>
  <datafield tag="942" ind1=" " ind2=" ">
    <subfield code="c">BK</subfield>
  </datafield>
  <datafield tag="952" ind1=" " ind2=" ">
    <subfield code="0">0</subfield>
    <subfield code="1">0</subfield>
    <subfield code="2">ddc</subfield>
    <subfield code="4">0</subfield>
    <subfield code="6">510_000000000000000_B3204</subfield>
    <subfield code="7">0</subfield>
    <subfield code="8">MATH</subfield>
    <subfield code="9">4405</subfield>
    <subfield code="a">KO</subfield>
    <subfield code="b">KO</subfield>
    <subfield code="c">FIC</subfield>
    <subfield code="d">2014-12-03</subfield>
    <subfield code="e">M/s Current Books (Inv. No.000983 Dt 2014-11-24)</subfield>
    <subfield code="g">199.00</subfield>
    <subfield code="o">510 B3204</subfield>
    <subfield code="p">BK001137</subfield>
    <subfield code="r">2019-11-19</subfield>
    <subfield code="y">BK</subfield>
    <subfield code="z">Shelf-18, Row-4</subfield>
  </datafield>
  <datafield tag="952" ind1=" " ind2=" ">
    <subfield code="0">0</subfield>
    <subfield code="1">0</subfield>
    <subfield code="2">ddc</subfield>
    <subfield code="4">0</subfield>
    <subfield code="6">510_000000000000000_B3204_CD</subfield>
    <subfield code="7">0</subfield>
    <subfield code="8">MATH</subfield>
    <subfield code="9">7104</subfield>
    <subfield code="a">KO</subfield>
    <subfield code="b">KO</subfield>
    <subfield code="c">STAFF</subfield>
    <subfield code="d">2014-12-03</subfield>
    <subfield code="e">Accompanying Material (free with textbook)</subfield>
    <subfield code="o">510 B3204 CD</subfield>
    <subfield code="p">001137CD</subfield>
    <subfield code="r">2020-09-14</subfield>
    <subfield code="y">CD</subfield>
    <subfield code="z">Circulation Sec, Drawer No.4</subfield>
  </datafield>
</record>
